00409nam a22001217a 4500008004100000082001900041245008500060260000900145300000800154942001200162999001500174952009800189230703b xxu||||| |||| 00| 0 eng d a342bCKRC 2002 aTaarifa ya Tume ya Marekebisho ya Katiba ya Kenya Toleo FupibChaguo la Wananchi c2002 a72p 2ddccBK c3501d3501 00102ddc4070a002b002d2023-07-03l0o342 CKRC 2002p10002508r2023-07-03w2023-07-03yBK